000 00399nam a22001697a 4500
005 20180327110006.0
008 160616b xxu||||| |||| 00| 0 eng d
020 _a81-224-1948-8
041 _aeng
082 _b7977
_a338.88
100 _aVenkateswaran, N.
_92106
245 _aInternational Business Management
260 _bNew Age
300 _a258
650 _aManagement
_9241
942 _cBK
999 _c2946
_d2945